Memorias y comentarios.

Guardat en:
Dades bibliogràfiques
Autor principal: Stravinski, Ígor
Altres autors: Font, Carme (traductora)
Format: Desconegut
Idioma:anglès
Publicat: Barcelona, España. Acantilado, 2013
Col·lecció:El Acantilado; 281
Matèries:
Etiquetes: Afegir etiqueta
Sense etiquetes, Sigues el primer a etiquetar aquest registre!

MARC

LEADER 00000 a2200000 4500
003 CL-VaPUC
005 20231023113452.0
008 210809b2013 ||||| |||| 00| 0 eng d
999 |c 433369  |d 433367 
020 |a 9788415689669 
040 |c Pontificia Universidad Católica de Valparaíso 
082 |a 780.92 STR 2013  |2 22 
100 1 |a Stravinski, Ígor  |9 862191 
245 1 0 |a Memorias y comentarios. 
260 |a Barcelona, España.   |b Acantilado,   |c 2013 
300 |a 436 páginas  
490 |a El Acantilado;  |v  281 
583 |k Cristina Rojas  |c 20210809 
600 0 |a Stravinsky, Igor Federovich  |d 1882-1971  |v Entrevistas  |9 306253 
650 0 |a Músicos rusos  |9 456891 
700 |a Font, Carme  |e traductora  |9 862453 
942 |2 ddc  |c BK 
952 |0 0  |1 0  |2 ddc  |4 0  |6 780_920000000000000_STR_2013  |7 0  |8 R  |9 578590  |a BIBART  |b BIBART  |d 2021-08-11  |e 140  |g 31700.00  |i 5587271  |o 780.92 STR 2013  |p 5587271  |r 2025-03-13  |u 1  |v 31700.00  |w 2021-08-11  |y BK  |k ART